Score 0/10 Timer 01:00
4 Plays Today
% Correct
When Doves
97%
Little Red
95.5%
Diamonds and
93.3%
Sign 'O' the
92.2%
U Got The
91.2%
Thieves in the
89.5%
Raspberry
88.5%
Darling
85.8%
Pink
82.2%
Starfish And
73.5%

Today's Daily Dose

Remove Ads.
Support Sporcle.
Get the best of Sporcle when you Go Orange. This ad-free experience offers more features, more stats, and more fun while also helping to support Sporcle. Thank you for becoming a member.

You're not logged in!

Compare scores with friends on all Sporcle quizzes.
OR
Log In

Show Comments

Extras

Top Quizzes Today


Score Distribution

Your Account Isn't Verified!

In order to create a playlist on Sporcle, you need to verify the email address you used during registration. Go to your Sporcle Settings to finish the process.

Report this User

Report this user for behavior that violates our Community Guidelines.

Details: